| 000 | 00698nam a2200193 a 4500 | ||
|---|---|---|---|
| 001 | 000014181 | ||
| 005 | 20200929163517.0 | ||
| 008 | 091207s19uu dr 001 0 spa d | ||
| 040 |
_aDO-SdBNP _bspa _cBNPHU |
||
| 082 |
_axxxx _bR426a |
||
| 110 | 1 |
_aRepública Dominicana _bOricina Nacional de Planificación _932042 |
|
| 245 | 1 | 0 | _aApuntes para el desarrollo de una estrategía global de empleo en la República Dominicana /. |
| 246 | 1 | 4 | _aApuntes para el desarrollo de una estrategía global de empleo en la República Dominicana |
| 260 |
_aSanto Domingo : _bONAPLAN, _c[199?]. |
||
| 300 |
_a147 p. ; _c28 cm. |
||
| 490 | 1 |
_aPlandes _vno. 27 |
|
| 830 | 0 |
_aPlandes _vno. 27 _932041 |
|
| 049 | _aBNPD | ||
| 999 |
_c13782 _d13782 |
||